Statistics for Most Countries in Europe You Can Name in 1 Minute

Click here to take the quiz!

General Stats

  • This quiz has been taken 16,109 times
    (16,097 since last reset)
  • The average score is 24 of 45

Answer Stats

Country % Correct
United Kingdom
89%
France
88%
Spain
85%
Germany
84%
Sweden
78%
Italy
77%
Portugal
75%
Ireland
74%
Norway
74%
Finland
71%
Greece
62%
Belgium
62%
Poland
61%
Denmark
61%
Russia
60%
Iceland
60%
Austria
58%
Latvia
55%
Estonia
54%
Andorra
53%
Netherlands
52%
Ukraine
49%
Albania
49%
Lithuania
49%
Switzerland
47%
Slovakia
45%
Croatia
44%
Serbia
44%
Belarus
43%
Hungary
43%
Romania
43%
Slovenia
43%
Bulgaria
42%
Vatican City
41%
Monaco
41%
Bosnia and Herzegovina
40%
Luxembourg
37%
Malta
37%
San Marino
36%
Czech Republic
34%
Kosovo
31%
Macedonia
31%
Moldova
30%
Montenegro
28%
Liechtenstein
22%

Score Distribution

Percentile by Number Answered

Percent of People with Each Score

Your Score History

You have not taken this quiz since the last reset